000 00881nam a2200349Ia 4500
001 3809
005 20240113233653.0
007 ta
008 050603s1987 g b000 u eng u
020 _cRs. 45.00 (PB)
040 _aCotton College,Assam
041 _aeng
082 _a515.7
_bL 139 El
100 _aLahiri, B.K. .
245 0 _aElements of Functional Analysis /
_cB.K. Lahiri.
_hTextual Documents
250 _a2nd ed. /
260 _aCalcutta :
_bWorld Press ,
_c1987.
300 _axiv, 271p. ;
_c21cm.
365 _aRs. 45.00
504 _aBib, Index
653 _aMathematics
653 _aFunctional Analysis
653 _aFunctions
653 _aPG-Mathematics
653 _aG-Mathematics
942 _2ddc
_cBK
999 _c3797
_d3797